01431nam a2200301 u 4500001001000000003000900010005001700019008004100036040002500077082003000102100003400132245012200166250001100288260006100299300002700360500007300387504003100460590002600491650010500517650005700622651007400679651005000753910003700803942001400840952012700854952013300981999001501114000004481DO-SdBNP20250319101845.0090723s1989 dr ac r 000 0 spa d aDO-SdBNPbspacBNPHU a335.43097293bV422m, 19891 aVega, Bernardo,d1938 -9322213aLa migración española de 1939 y los inicios del Marxismo-Leninismo en La República Dominicana /cBernardo Vega. a2a ed. aSanto Domingo :bFundación Cultural Dominicana,c1989. a208 p. :bil ;c23 cm. aIncluye referencias bibliográficas y notas al pie de las páginas aBibliografía: p. 207-208 aInventariado, 2018/LP 0aComunismoxHistoriaxPartidos políticos vPublicación periódicazRepública Dominicana912722 4aEspañoleszRepública DominicanaxHistoria913103 4aRepública DominicanaxEmigración Y InmigraciónxHistoria913104 4aEspañaxEmigración Y Inmigración913105 aValidado. Control de calidad MFF 2ddccLBS1 0010718PDaPDbPDcHDd2009-07-23iLF1l0o335.43097293 V422m, 1989p4481-10r2020-06-25w2020-06-25yLFPDZNo se presta 0010718PDaPDbPDcHDd2018-06-13iLF1l0o335.43097293 V422m, 1989p4481-20r2020-06-25te. 2w2020-06-25yLFPDZNo se presta c4290d4290